000 00993nam a2200253 i 4500
001 104229
003 ES-MaACL
005 20251106133109.0
007 t|
008 051125m19171925sp ||||1| spa d
100 1 _aMiguélez, Manuel F.
_981046
245 1 0 _aCatálogo de los Códices españoles de la Biblioteca del Escorial
_b: relaciones históricas /
_cP. Miguélez (O.S.A.).
260 _aMadrid :
_b[s.n.],
_c1917-25 (
_fImp. Helénica)
300 _a2 v. (XLVII, 363; X, 368 p.) :
_bil. ;
_c25 cm.
500 _a(1): 3 col.
530 _aDisponible en formato digital.
650 4 _aManuscritos-
_zMonasterio de El Escorial. Biblioteca-
_vCatálogos.
_9160223
650 4 _aManuscritos españoles-
_vBibliografías.
_9160224
710 2 _aMonasterio de El Escorial.
_bBiblioteca.
_9160225
852 _aES-MaACL
_jB-13011-12
_cSPB
856 4 _uhttp://bdh-rd.bne.es/viewer.vm?id=0000010240&page=1
_y(Biblioteca Digital Hispánica)
942 _2udc
999 _c104229
_d104229